[Event "Dhaka Arometic (Women) 28th"]
[Site "Dhaka"]
[Date "2007.03.14"]
[Round "9"]
[White "Kishoara, Shajrin Evana"]
[Black "Ahmed, Mehnaz Mithila"]
[Result "1-0"]
[WhiteElo "1795"]
[BlackElo "1620"]
[PlyCount "87"]
[EventDate "2007.03.05"]
[EventType "tourn"]
[EventRounds "11"]
[EventCountry "BAN"]
[SourceTitle "EXT 2024"]
[Source "ChessBase"]
[SourceDate "2023.10.10"]
[SourceVersion "1"]
[SourceVersionDate "2023.10.10"]
[SourceQuality "1"]

1. c4 e5 2. Nc3 c5 3. Nf3 Nc6 4. g3 g6 5. Bg2 Bg7 6. 0-0 Nge7 7. d3 0-0 8. Rb1 a6 9. a3 d6 10. h3 Be6 11. Kh2 f5 12. Ng5 Bd7 13. Nd5 h6 14. Nxe7+ Qxe7 15. Bd5+ Kh8 16. Nf3 f4 17. Nh4 Qg5 18. e3 fxg3+ 19. fxg3 Rxf1 20. Qxf1 Rf8 21. Qg2 Qf6 22. Be4 Be8 23. Bd2 Qf2 24. Nf3 Qxg2+ 25. Kxg2 g5 26. b4 Rf7 27. bxc5 dxc5 28. Bg6 Rxf3 29. Bxe8 Rf8 30. Bg6 Bf6 31. Rxb7 Rb8 32. Rxb8+ Nxb8 33. Be4 Bd8 34. Bc3 Bc7 35. Kf3 Nd7 36. Bb7 a5 37. Ke4 Nf6+ 38. Kf5 Nh5 39. Bxe5+ Bxe5 40. Kxe5 Nxg3 41. Kd5 Nf5 42. e4 Ne7+ 43. Kxc5 Ng6 44. d4 1-0

[Event "Dhaka Arometic (Women) 28th"]
[Site "Dhaka"]
[Date "2007.03.13"]
[Round "8"]
[White "Ahmed, Mehnaz Mithila"]
[Black "Arjuman, Mimi"]
[Result "0-1"]
[WhiteElo "1620"]
[BlackElo "1794"]
[PlyCount "58"]
[EventDate "2007.03.05"]
[EventType "tourn"]
[EventRounds "11"]
[EventCountry "BAN"]
[SourceTitle "EXT 2024"]
[Source "ChessBase"]
[SourceDate "2023.10.10"]
[SourceVersion "1"]
[SourceVersionDate "2023.10.10"]
[SourceQuality "1"]

1. e4 e5 2. Nf3 Nc6 3. Bc4 Nf6 4. d3 Be7 5. Nc3 d6 6. a3 0-0 7. h3 Be6 8. Ba2 Bxa2 9. Nxa2 d5 10. exd5 Nxd5 11. 0-0 Qd7 12. Re1 Bf6 13. Ng5 Bxg5 14. Bxg5 f5 15. c4 Nf6 16. Nc3 h6 17. Bxf6 Rxf6 18. Nd5 Rd6 19. Qb3 b6 20. Nxc7 Nd4 21. Qa2 Rg6 22. Nxa8 Qc6 23. g3 f4 24. c5+ Kh7 25. Re4 fxg3 26. f3 Nxf3+ 27. Kg2 Nh4+ 28. Kh1 g2+ 29. Kg1 Qxc5+ 0-1

[Event "Dhaka Arometic (Women) 28th"]
[Site "Dhaka"]
[Date "2007.03.09"]
[Round "5"]
[White "Chowdhury, Mahmuda Haque"]
[Black "Ahmed, Mehnaz Mithila"]
[Result "1-0"]
[WhiteElo "1813"]
[BlackElo "1620"]
[PlyCount "89"]
[EventDate "2007.03.05"]
[EventType "tourn"]
[EventRounds "11"]
[EventCountry "BAN"]
[SourceTitle "EXT 2024"]
[Source "ChessBase"]
[SourceDate "2023.10.10"]
[SourceVersion "1"]
[SourceVersionDate "2023.10.10"]
[SourceQuality "1"]

1. d4 d5 2. c4 c6 3. Nc3 Nf6 4. e3 g6 5. Nf3 Bg7 6. Bd3 Bf5 7. cxd5 cxd5 8. Bxf5 gxf5 9. Qb3 b6 10. Qb5+ Qd7 11. Ne5 Qxb5 12. Nxb5 Na6 13. Nc6 Rc8 14. Nbxa7 Rc7 15. Bd2 0-0 16. Rc1 Nb8 17. Ke2 Nxc6 18. Nxc6 Ra8 19. a3 Ne4 20. Bb4 Bf8 21. f3 Rac8 22. Nxe7+ Bxe7 23. Rxc7 Rxc7 24. fxe4 Bxb4 25. axb4 fxe4 26. Kd2 Rc4 27. b3 Rc8 28. Ra1 Rc6 29. Ra8+ Kg7 30. Rd8 Rg6 31. g3 Rh6 32. h4 Rg6 33. Rxd5 Rxg3 34. Re5 Rg4 35. h5 Rh4 36. d5 Kf6 37. d6 Rh2+ 38. Kc3 Rh3 39. Kd4 Rh1 40. Kxe4 Rh4+ 41. Kd5 Rh1 42. Re4 Rxh5+ 43. Kc6 Rh1 44. d7 Rc1+ 45. Kxb6 1-0